Historia de la historiografía española (Record no. 137439)
[ view plain ]
| 000 -LEADER | |
|---|---|
| campo de control de longitud fija | 00950nam a2200217 4500 |
| 001 - NÚMERO DE CONTROL | |
| campo de control | 137439 |
| 003 - IDENTIFICADOR DE NÚMERO DE CONTROL | |
| campo de control | ES-MaACL |
| 005 - FECHA Y HORA DE LA ÚLTIMA TRANSACCIÓN | |
| campo de control | 20230906195355.0 |
| 007 - CAMPO FIJO DE DESCRIPCIÓN FÍSICA--INFORMACIÓN GENERAL | |
| campo de control de longitud fija | t| |
| 008 - DATOS DE LONGITUD FIJA--INFORMACIÓN GENERAL | |
| campo de control de longitud fija | 070214m19411950sp r ||||1| spa d |
| 100 1# - ENTRADA PRINCIPAL--NOMBRE DE PERSONA | |
| Nombre de persona | Sánchez Alonso, Benito. |
| 9 (RLIN) | 102446 |
| 245 10 - MENCIÓN DEL TÍTULO | |
| Título | Historia de la historiografía española |
| Resto del título | : ensayo de un examen de conjunto / |
| Mención de responsabilidad, etc. | Benito Sánchez Alonso. |
| 260 ## - PUBLICACIÓN, DISTRIBUCIÓN, ETC. | |
| Lugar de publicación, distribución, etc. | Madrid : |
| Nombre del editor, distribuidor, etc. | Consejo Superior de Investigaciones Científicas, |
| Fecha de publicación, distribución, etc. | 1941-1950. |
| 300 ## - DESCRIPCIÓN FÍSICA | |
| Extensión | 3 v. ; |
| Dimensiones | 20 cm. |
| 505 8# - NOTA DE CONTENIDO CON FORMATO | |
| Nota de contenido con formato | Contiene: Vol. I. Hasta la publicación de la Crónica de Ocampo ( -1543). Vol. II. De Ocampo a Solís (1543-1648) Vol. III. De Solís al final del siglo XVIII |
| 710 2# - ENTRADA AGREGADA--NOMBRE DE ENTIDAD CORPORATIVA | |
| Nombre de entidad corporativa o nombre de jurisdicción como elemento de entrada | Consejo Superior de Investigaciones Científicas (España) |
| 9 (RLIN) | 3236 |
| 740 0# - ENTRADA AGREGADA--TÍTULO RELACIONADO/ANALÍTICO NO CONTROLADO | |
| Título relacionado o analítico no controlado | Hasta la publicación de la Crónica de Ocampo ( -1543) |
| 740 0# - ENTRADA AGREGADA--TÍTULO RELACIONADO/ANALÍTICO NO CONTROLADO | |
| Título relacionado o analítico no controlado | De Ocampo a Solís (1543-1648) |
| 740 0# - ENTRADA AGREGADA--TÍTULO RELACIONADO/ANALÍTICO NO CONTROLADO | |
| Título relacionado o analítico no controlado | De Solís al final del siglo XVIII. |
| 852 ## - LOCALIZACIÓN | |
| Ubicación | ES-MaACL |
| Número de control de estantería | D-5483-85 |
| Estatus retirado | Estado de pérdida | Estado de daño | No para préstamo | Biblioteca de origen | Biblioteca actual | Ubicación en estantería | Fecha de adquisición | Fuente de adquisición | Total de préstamos | Signatura topográfica completa | Código de barras | Visto por última vez | Precio de reemplazo | Tipo de ítem Koha |
|---|---|---|---|---|---|---|---|---|---|---|---|---|---|---|
| Biblioteca del Ateneo de Madrid | Biblioteca del Ateneo de Madrid | Sala Valle Inclán | 17/01/2008 | D-5483-85 | 901143026 | 23/02/2023 | 23/02/2023 | Libro impreso |
